Flags over Africa in the 1900s - Statistics

General Stats
  • This quiz has been taken 182 times
  • The average score is 11 of 39
Answer Stats
Picture Hint Answer % Correct
1847- Liberia
95%
1881-1956 Tunisia
91%
1894-1902 Swaziland
79%
1877-1960 Congo Free State
67%
1884-1922 German Colonies
56%
1830-1975 Portuguese Colonies
52%
1897-1914 Ethiopia
50%
1830-1963 French Colonies
44%
1857-1902 Orange Free State
43%
1881-1922 Egypt
37%
1778-1968 Spanish Guinea
37%
1914-1962 Uganda
36%
1666-1915 Morocco
31%
1890-1936 Italian Eritrea
29%
1881-1902 South African Republic
28%
1889-1914 Sierra Leone
27%
1900-1914 Southern Nigeria
25%
1889-1965 Gambia
24%
1867-1957 Gold Coast
22%
1900-1914 Northern Nigeria
19%
1670-1902 Ashanti Kingdom
18%
-1904 Dahomey Kingdom
17%
1905-1910 Natal Colony
16%
1906-1923 Mauritius
14%
1804-1903 Sokoto Caliphate
14%
1886-1906 Lagos Colony
13%
1896-1963 Zanzibar Sultanate
13%
1885-1968 British Colonies
12%
1874-1984 Saint Helena
12%
1864-1911 Tripolitania Vilayet
12%
1903-1950 British Somaliland
11%
1807-1903 Kano Emirate
10%
1890-1923 Rhodesia
10%
1893-1920 Witu Protectorate
10%
1884-1951 Basutoland
9%
1893-1914 British Central Africa
9%
1876-1910 Cape of Good Hope
9%
1903-1910 Transvaal Colony
7%
1902-1910 Orange River Colony
5%
No matching quizzes found
Score Distribution
Percent of People with Each Score
Percentile by Number Answered
Your Score History
You have not taken this quiz